Statystyki dla Państwa byłego ZSRR

Kliknij tutaj aby rozwiązać quiz!

Ogólne statystyki

  • Ten quiz został rozwiązany 99 razy
  • Średni wynik to 12 z 15

Statystyki odpowiedzi

KontynentKraj% Poprawnych
EuropaUkraina
96%
EuropaEstonia
95%
EuropaLitwa
95%
EuropaŁotwa
95%
EuropaBiałoruś
91%
AzjaKazachstan
91%
AzjaGruzja
80%
EuropaRosja
80%
AzjaArmenia
79%
AzjaUzbekistan
78%
AzjaTadżykistan
76%
AzjaAzerbejdżan
73%
EuropaMołdawia
73%
AzjaTurkmenistan
73%
AzjaKirgistan
71%

Rozkład punktacji

Percentyl według liczby udzielonych odpowiedzi

Procent ludzi z każdym wynikiem

Twoja historia wyników

Nie rozwiązałeś tego quizu